<?xml version="1.0" encoding="UTF-8"?>
<record
    xmlns:xsi="http://www.w3.org/2001/XMLSchema-instance"
    xsi:schemaLocation="http://www.loc.gov/MARC21/slim http://www.loc.gov/standards/marcxml/schema/MARC21slim.xsd"
    xmlns="http://www.loc.gov/MARC21/slim">

  <leader>00590nam a2200169Ia 4500</leader>
  <controlfield tag="008">180921t2019    xxu||||| |||| 00| 0 sin d</controlfield>
  <datafield tag="041" ind1=" " ind2=" ">
    <subfield code="a">sin</subfield>
  </datafield>
  <datafield tag="080" ind1=" " ind2=" ">
    <subfield code="a">8-31</subfield>
    <subfield code="b">&#xDBD;&#xDD2;&#xDB1;&#xDCA;&#xD9C;&#xDCA;&#x200D;&#xDBB;</subfield>
  </datafield>
  <datafield tag="100" ind1=" " ind2=" ">
    <subfield code="a">&#xDBD;&#xDD2;&#xDB1;&#xDCA;&#xD9C;&#xDCA;&#x200D;&#xDBB;&#xDB1;&#xDCA;, &#xD87;&#xDC3;&#xDCA;&#xDA7;&#xDCA;&#x200D;&#xDBB;&#xDD2;&#xDA9;&#xDCA;</subfield>
  </datafield>
  <datafield tag="245" ind1=" " ind2=" ">
    <subfield code="a">&#xD87;&#xDA7;&#xD9A;&#xDD2;&#xDA0;&#xDD2; &#xD9A;&#xDD9;&#xDBD;&#xDCA;&#xDBD;</subfield>
  </datafield>
  <datafield tag="260" ind1=" " ind2=" ">
    <subfield code="b">&#xD85;&#xDBB;&#xDA7;&#xDD4;&#xDC0; &#xDB4;&#xDCA;&#x200D;&#xDBB;&#xD9A;&#xDCF;&#xDC1;&#xDB1;</subfield>
    <subfield code="a">&#xDB8;&#xDD3;&#xD9C;&#xDB8;&#xDD4;&#xDC0;</subfield>
    <subfield code="c">2019</subfield>
  </datafield>
  <datafield tag="300" ind1=" " ind2=" ">
    <subfield code="a">&#xDC3;&#xDD9;.&#xDB8;&#xDD3;.21, &#xDB4;&#xDD2;.112</subfield>
  </datafield>
  <datafield tag="700" ind1=" " ind2=" ">
    <subfield code="a">&#xDAD;&#xDD2;&#xDC3;&#xDCA;&#xDC3; &#xDC4;&#xDDA;&#xDC0;&#xDCF;&#xDC0;&#xDD2;&#xDC3;&#xDCA;&#xDC3;</subfield>
    <subfield code="e">&#xDB4;&#xDBB;&#xDD2;.</subfield>
  </datafield>
  <datafield tag="942" ind1=" " ind2=" ">
    <subfield code="c">BK</subfield>
  </datafield>
  <datafield tag="952" ind1=" " ind2=" ">
    <subfield code="0">0</subfield>
    <subfield code="1">0</subfield>
    <subfield code="4">0</subfield>
    <subfield code="7">0</subfield>
    <subfield code="8">TRAN</subfield>
    <subfield code="a">MAIN</subfield>
    <subfield code="b">MAIN</subfield>
    <subfield code="d">2022-01-27</subfield>
    <subfield code="o">8-31 &#xDBD;&#xDD2;&#xDB1;&#xDCA;&#xD9C;&#xDCA;&#x200D;&#xDBB;</subfield>
    <subfield code="p">171590</subfield>
    <subfield code="r">2023-06-01</subfield>
    <subfield code="w">2023-06-01</subfield>
    <subfield code="y">BK</subfield>
  </datafield>
  <datafield tag="999" ind1=" " ind2=" ">
    <subfield code="c">10713</subfield>
    <subfield code="d">10713</subfield>
  </datafield>
  <controlfield tag="003">LK-CoDNM</controlfield>
  <datafield tag="040" ind1=" " ind2=" ">
    <subfield code="a">LK-CoDNM</subfield>
    <subfield code="d">LK-CoDNM</subfield>
    <subfield code="e">LK-CoDNM</subfield>
  </datafield>
</record>
